| 000 | 00850cab a2200241 4500 | ||
|---|---|---|---|
| 001 | WB2834-06 | ||
| 008 | 090401t1992 xxu||||| |||| 00| 0 eng d | ||
| 035 | _a(Sirsi) u379 | ||
| 041 | _aeng | ||
| 245 | _aCommercial property faces dip | ||
| 260 | _c1992 | ||
| 350 | _a0 | ||
| 490 |
_aFinancial Times _v2 September 1992, 1-14(1) |
||
| 520 | _aA report from the Investment Property Databank suggests that the slight investment recovery last year has lost momentum and the property market faces renewed decline as a consequence of falling rental values, notably in the industrial sector. | ||
| 650 | _aINSTITUTIONAL INVESTMENT | ||
| 650 | _aIPD QUARTERLY REVIEW | ||
| 650 | _aRENTAL VALUES | ||
| 650 | _aRETURNS | ||
| 650 | _aYIELDS | ||
| 690 | _aPROPERTY-COMMERCIAL PROPERTY-COMMERCIAL PROPERTY MARKET | ||
| 942 | _n0 | ||
| 948 | _c04/03/1997 | ||
| 999 |
_c149 _d149 |
||